Southville International School and Colleges
Your cart is empty.
  • Cart
  • Lists
    Public lists Eva Luna New books Lux_list list_1
    Your lists Log in to create your own lists
  • Log in to your account
  • Your cookies
  • Search history
Southville International School and Colleges
  • Advanced search
  • Recent comments
  • Most popular
  • Libraries

Log in to your account

Log in with GOOGLE


If you do not have an external account, but do have a local account, you can still log in:

  1. Home
  2. MARC view: Diksyunaryo English- Filipino :
Normal view MARC view ISBD view

Diksyunaryo English- Filipino : (Record no. 3646)

[ view plain ]
MARC details
000 -LEADER
fixed length control field 00539nam a22001817a 4500
003 - CONTROL NUMBER IDENTIFIER
control field ELib
005 - DATE AND TIME OF LATEST TRANSACTION
control field 20140310181802.0
008 - FIXED-LENGTH DATA ELEMENTS--GENERAL INFORMATION
fixed length control field 130307t xxu||||| |||| 00| 0 eng d
020 ## - INTERNATIONAL STANDARD BOOK NUMBER
International Standard Book Number 9710845853
050 ## - LIBRARY OF CONGRESS CALL NUMBER
Classification number PL 6056
Item number .D321 1968
082 ## - DEWEY DECIMAL CLASSIFICATION NUMBER
Classification number REF 423
Item number D365 1968
245 ## - TITLE STATEMENT
Title Diksyunaryo English- Filipino :
Statement of responsibility, etc Maria Odulio De Guzman.
Remainder of title Filipino- English /
260 ## - PUBLICATION, DISTRIBUTION, ETC. (IMPRINT)
Place of publication, distribution, etc Metro Manila :
Name of publisher, distributor, etc National Bookstore, Inc,
Date of publication, distribution, etc 1968.
300 ## - PHYSICAL DESCRIPTION
Extent 197 p. :
Dimensions 17 cm.
650 ## - SUBJECT ADDED ENTRY--TOPICAL TERM
Topical term or geographic name as entry element Dictionary
General subdivision English
-- Filipino
942 ## - ADDED ENTRY ELEMENTS (KOHA)
Source of classification or shelving scheme Library of Congress Classification
Koha item type Books
Holdings
Withdrawn status Lost status Source of classification or shelving scheme Damaged status Home library Current library Shelving location Date acquired Total Checkouts Full call number Barcode Date last seen Copy number Price effective from Koha item type
    Library of Congress Classification   Luxembourg Library Luxembourg Library Reference Section 07/03/2013   PL 6056 .D321 1968 5477 09/11/2015 1 07/03/2013 Books

Diksyunaryo English- Filipino :

APA

(1968). Diksyunaryo English- Filipino. Metro Manila: National Bookstore, Inc.

Chicago

1968. Diksyunaryo English- Filipino. Metro Manila: National Bookstore, Inc.

Harvard

(1968). Diksyunaryo English- Filipino. Metro Manila: National Bookstore, Inc.

MLA

Diksyunaryo English- Filipino. Metro Manila: National Bookstore, Inc. 1968.

  • Print
  • Cite
  • Add to your cart (remove)
  • Save record
    BIBTEX Dublin Core MARCXML MARC (non-Unicode/MARC-8) MARC (Unicode/UTF-8) MARC (Unicode/UTF-8, Standard) MODS (XML) RIS
  • More searches
    Search for this title in:
    Other Libraries (WorldCat) Other Databases (Google Scholar) Online Stores (Bookfinder.com) Open Library (openlibrary.org)

Exporting to Dublin Core...

SOUTHVILLE LIBRARY

Southville International School and Colleges Library

1281 Tropical Ave. Cor. Luxembourg St., BF Homes International, Las Pinas City

Tel. No. 8256374 / 252358 Loc. 117/146

Powered by Koha